000 00918nam a22002657a 4500
001 BR7301546
003 BR-BrBNA
005 20230928095749.0
007 ta
008 230509b bl.||||| |||| 00| 0 por d
040 _aBR-BrBNA
_bpor
_cBiblioteca Nacional de Agricultura
041 _a(Por)
072 _aP10; F00; L00
090 _ P10 BR7301546
110 1 _aSuperintendencia do Desenvolvimento da Regiao Sul, Porto Alegre, RS (Brasil)
_910098
245 1 _aProjeto Sudoeste 1. Estudo de viabilidade tecnico-economico para o municipio de Alegrete capitulo A: introducao; capitulo E: instalacoes de beneficiamento da producao; capitulo G: avaliacao economica
260 3 _aPorto Alegre, RS (Brasil):
_c1971.
300 _av. 1
650 _aHidrologia
650 _aProducao Vegetal
650 _aProducao Animal
650 _aRio Grande do Sul
909 _a202309
_bLucia
_c55
_dLucia Elande
942 _cBK
999 _c58530
_d58530